Zváranie a príbuzné procesy. STN 05 0025. EN ISO 9692-1 : Odporúčania na prípravu spojov. Časť 1: Ručné oblúkové zváranie, zváranie v ochrannej atmosfére, zváranie plynom, zváranie TIG a zváranie ocelí lúčom. 1.7.2004

Na minha lista:
Detalhes bibliográficos
Formato: Livro
Idioma:inglês
Publicado em: Bratislava : Slovenský ústav technickej normalizácie, 2004
Assuntos:
Tags: Adicionar Tag
Sem tags, seja o primeiro a adicionar uma tag!

MARC

LEADER 00000nam a22000003a 4500
001 stu256635
005 20150408165249.9
008 121102s2004----xo------------------eng-d
040 |a STU  |b slo 
041 0 |a eng 
044 |a xo 
245 |a Zváranie a príbuzné procesy. STN 05 0025. EN ISO 9692-1 :  |b Odporúčania na prípravu spojov. Časť 1: Ručné oblúkové zváranie, zváranie v ochrannej atmosfére, zváranie plynom, zváranie TIG a zváranie ocelí lúčom. 1.7.2004 
260 |a Bratislava :  |b Slovenský ústav technickej normalizácie,  |c 2004 
300 |a 15 s 
500 |a Nahradené normy: STN EN 29692:1996 
650 7 |a zváranie  |2 stusub 
650 7 |a zváracie procesy  |2 stusub 
996 |b 284M081610  |c M*N-1530-1  |l MMKN  |s A  |a 24  |w stu256635_0001